[Event "Moscow op-A"]
[Site "Moscow"]
[Date "2016.02.04"]
[Round "6"]
[White "Alekseenko, Kirill"]
[Black "Kalashnikov, Konstantin"]
[Result "1-0"]
[WhiteElo "2560"]
[BlackElo "2381"]
[PlyCount "87"]
[EventDate "2016.01.30"]
[EventType "swiss"]
[EventRounds "9"]
[EventCountry "RUS"]
[SourceTitle "CBM 170 Extra"]
[Source "ChessBase"]
[SourceDate "2016.02.25"]
[SourceVersion "1"]
[SourceVersionDate "2016.02.25"]
[SourceQuality "1"]

1. e4 c5 2. Nf3 d6 3. d4 cxd4 4. Nxd4 Nf6 5. Nc3 g6 6. Be3 Bg7 7. f3 Nc6 8. Qd2 0-0 9. Bc4 Bd7 10. 0-0-0 Ne5 11. Bb3 Rc8 12. Kb1 a6 13. h4 h5 14. g4 hxg4 15. h5 Nxh5 16. Bh6 Bf6 17. Nd5 Re8 18. Rdg1 Rc5 19. c3 b5 20. fxg4 Bxg4 21. Bd1 Nc4 22. Qe1 Bxd1 23. Qxd1 Ng7 24. Bxg7 Bxg7 25. Ne6 Qc8 26. Nxg7 Kxg7 27. Qc1 Rxd5 28. Qh6+ Kf6 29. exd5 Qf5+ 30. Ka1 Qxd5 31. Re1 e5 32. Rhf1+ Ke7 33. Qh4+ Kd7 34. Rd1 Qe6 35. Rf6 Qe7 36. Qf2 Rf8 37. b3 Na5 38. Qa7+ Ke8 39. Qb8+ Qd8 40. Qxd6 Qxd6 41. Rfxd6 Nb7 42. Rxa6 Ke7 43. Ra7 Rb8 44. Rd5 1-0

[Event "Moscow op-A"]
[Site "Moscow"]
[Date "2016.02.01"]
[Round "3"]
[White "Miroshnichenko, Pavel"]
[Black "Kalashnikov, Konstantin"]
[Result "0-1"]
[WhiteElo "2263"]
[BlackElo "2381"]
[PlyCount "116"]
[EventDate "2016.01.30"]
[EventType "swiss"]
[EventRounds "9"]
[EventCountry "RUS"]
[SourceTitle "CBM 170 Extra"]
[Source "ChessBase"]
[SourceDate "2016.02.25"]
[SourceVersion "1"]
[SourceVersionDate "2016.02.25"]
[SourceQuality "1"]

1. e4 c5 2. Nf3 g6 3. Nc3 Bg7 4. d4 cxd4 5. Nxd4 Nc6 6. Be3 Nf6 7. Bc4 0-0 8. Bb3 d6 9. h3 Bd7 10. Nf3 Rc8 11. 0-0 Na5 12. Qe2 a6 13. Rfd1 Rxc3 14. bxc3 Nxe4 15. Bd4 Nxc3 16. Bxc3 Bxc3 17. Rab1 Bf6 18. Qe3 Kg7 19. Ng5 Bc6 20. Ne4 Bxe4 21. Qxe4 Qc7 22. a4 b6 23. Qe2 Ra8 24. Bd5 Ra7 25. Be4 e6 26. Bd3 Nb7 27. Bxa6 Nc5 28. Bb5 d5 29. Rb4 Ra8 30. Qe3 Rd8 31. Be2 e5 32. c3 h5 33. Bf3 e4 34. Be2 Rd6 35. h4 Be5 36. Rb5 Nxa4 37. Rbxd5 Rxd5 38. Rxd5 Nxc3 39. Rd2 Bf4 40. Qd4+ Kh7 41. Qd7 Nxe2+ 42. Kf1 Qc1+ 43. Rd1 Qc4 44. Re1 Nc3+ 45. Kg1 b5 46. g3 Bh6 47. Ra1 e3 48. f4 Bg7 49. Re1 e2 50. Qe8 Qd4+ 51. Kg2 Qd5+ 52. Kh2 Qd1 53. Rg1 Qf1 54. f5 Qf2+ 55. Kh1 Qxf5 56. g4 Qf3+ 57. Kh2 hxg4 58. Rg2 Qh3+ 0-1

[Event "Moscow op-A"]
[Site "Moscow"]
[Date "2015.02.08"]
[Round "9"]
[White "Geivondian, Arman"]
[Black "Kalashnikov, Konstantin"]
[Result "0-1"]
[WhiteElo "2304"]
[BlackElo "2380"]
[PlyCount "58"]
[EventDate "2015.01.31"]
[EventType "swiss"]
[EventRounds "9"]
[EventCountry "RUS"]
[SourceTitle "CBM 164 Extra"]
[Source "ChessBase"]
[SourceDate "2015.03.02"]
[SourceVersion "1"]
[SourceVersionDate "2015.03.02"]
[SourceQuality "1"]

1. d4 Nf6 2. c4 g6 3. Nc3 Bg7 4. e4 0-0 5. f3 c5 6. Nge2 cxd4 7. Nxd4 Nc6 8. Be3 Qb6 9. Na4 Qa5+ 10. Bd2 Qd8 11. Nc2 e6 12. Be2 d5 13. cxd5 exd5 14. exd5 Nxd5 15. 0-0 Bf5 16. Kh1 Re8 17. Bc4 Nb6 18. Nxb6 Qxb6 19. Bc3 Bxc3 20. bxc3 Rad8 21. Qc1 Qc5 22. Na3 a6 23. Qb2 b5 24. Bb3 Re3 25. Rae1 Rde8 26. Rxe3 Rxe3 27. Rc1 Qe7 28. Qd2 Re2 29. Qd1 Qxa3 0-1

[Event "Moscow op-A"]
[Site "Moscow"]
[Date "2015.02.07"]
[Round "8"]
[White "Kalashnikov, Konstantin"]
[Black "Afanasiev, Nikita"]
[Result "1-0"]
[WhiteElo "2380"]
[BlackElo "2264"]
[PlyCount "77"]
[EventDate "2015.01.31"]
[EventType "swiss"]
[EventRounds "9"]
[EventCountry "RUS"]
[SourceTitle "CBM 164 Extra"]
[Source "ChessBase"]
[SourceDate "2015.03.02"]
[SourceVersion "1"]
[SourceVersionDate "2015.03.02"]
[SourceQuality "1"]

1. d4 d6 2. e4 g6 3. Be3 Bg7 4. Nc3 a6 5. a4 b6 6. Qd2 Bb7 7. f3 e6 8. Nge2 Nd7 9. h4 h6 10. g4 Ne7 11. Rg1 c5 12. g5 hxg5 13. hxg5 d5 14. 0-0-0 c4 15. Kb1 Qc7 16. Nf4 Qc6 17. Bh3 0-0-0 18. exd5 exd5 19. Bf2 Kb8 20. Rde1 Bf8 21. Bg3 Ka8 22. Re2 Nb8 23. Rge1 Nc8 24. Bg4 Bb4 25. Qe3 b5 26. Qe5 Nb6 27. axb5 axb5 28. Qg7 Bd6 29. Qxf7 b4 30. Nd1 Rhf8 31. Qxg6 Bxf4 32. Re6 Qc7 33. Bxf4 Qxf4 34. Rxb6 Qxd4 35. Rxb4 Nc6 36. Ra4+ Kb8 37. Nc3 Qc5 38. Qh7 Rfe8 39. Qh2+ 1-0

[Event "Moscow op-A 04th"]
[Site "Moscow"]
[Date "2008.02.06"]
[Round "5"]
[White "Kalashnikov, Konstantin"]
[Black "Aldokhin, Ivan"]
[Result "0-1"]
[WhiteElo "2381"]
[BlackElo "2172"]
[PlyCount "74"]
[EventDate "2008.02.02"]
[EventType "swiss"]
[EventRounds "9"]
[EventCountry "RUS"]
[SourceTitle "CBM 122 Extra"]
[Source "ChessBase"]
[SourceDate "2008.03.04"]
[SourceVersion "1"]
[SourceVersionDate "2008.03.04"]
[SourceQuality "1"]

1. d4 Nf6 2. c4 e6 3. Nf3 c5 4. d5 d6 5. Nc3 exd5 6. cxd5 g6 7. Bg5 Bg7 8. e3 Qa5 9. Nd2 0-0 10. Nc4 Qd8 11. Be2 b6 12. 0-0 Ba6 13. a4 Bxc4 14. Bxc4 Nbd7 15. h3 Qe7 16. Re1 h6 17. Bh4 g5 18. Bg3 Ne4 19. Nxe4 Qxe4 20. Bd3 Qe7 21. Qc2 Nf6 22. Rad1 a6 23. Qe2 b5 24. axb5 axb5 25. Bb1 Rfb8 26. Qc2 Ra4 27. Qf5 Rb4 28. Re2 Re8 29. f3 Rb3 30. Rd3 Rxd3 31. Bxd3 c4 32. Bb1 Qb7 33. e4 Nh5 34. Qg4 Nxg3 35. Qxg3 Qa7+ 36. Kh1 Qa1 37. Qe1 Bxb2 0-1

[Event "Moscow op 03rd"]
[Site "Moscow"]
[Date "2007.02.04"]
[Round "9"]
[White "Kalashnikov, Konstantin"]
[Black "Kashlinskaya, Alina"]
[Result "1-0"]
[WhiteElo "2384"]
[BlackElo "2228"]
[PlyCount "115"]
[EventDate "2007.01.27"]
[EventType "swiss"]
[EventRounds "9"]
[EventCountry "RUS"]
[SourceTitle "CBM 116 Extra"]
[Source "ChessBase"]
[SourceDate "2007.03.07"]
[SourceVersion "1"]
[SourceVersionDate "2007.03.07"]
[SourceQuality "1"]

1. d4 Nf6 2. c4 g6 3. Nc3 Bg7 4. Nf3 0-0 5. Bf4 d6 6. e3 Nbd7 7. h3 c6 8. Be2 Qe8 9. 0-0 e5 10. Bh2 Kh8 11. Qb3 Ng8 12. Qa3 Qe7 13. dxe5 dxe5 14. Qxe7 Nxe7 15. Ne4 f5 16. Nd6 f4 17. Ng5 Nc5 18. b4 Na6 19. a3 h6 20. Nxc8 Raxc8 21. Ne6 Rf6 22. Nxg7 Kxg7 23. Rad1 Nb8 24. Rd3 g5 25. Rfd1 Nf5 26. Bg4 Rcf8 27. Bxf5 Rxf5 28. e4 R5f7 29. f3 Na6 30. Kf1 Nc7 31. Bg1 b6 32. c5 b5 33. Bf2 Re8 34. Be1 Kf6 35. Bc3 Ne6 36. Ke2 Rc8 37. Rd6 Re7 38. R1d2 a6 39. Kd1 Ree8 40. Kc2 Red8 41. a4 Rxd6 42. Rxd6 Rc7 43. axb5 axb5 44. Rd1 Ra7 45. Kb3 Rc7 46. Ra1 Rc8 47. Ra6 Rc7 48. Ra8 Rd7 49. Rc8 Rc7 50. Rh8 Re7 51. Kc2 Kg6 52. Bxe5 h5 53. Rc8 Kf7 54. Rxc6 Ra7 55. Kb2 Rb7 56. Rc8 Kg6 57. c6 Rb6 58. c7 1-0

[Event "Moscow op 03rd"]
[Site "Moscow"]
[Date "2007.01.31"]
[Round "5"]
[White "Kalashnikov, Konstantin"]
[Black "Oleksienko, Mikhailo"]
[Result "0-1"]
[WhiteElo "2384"]
[BlackElo "2541"]
[PlyCount "68"]
[EventDate "2007.01.27"]
[EventType "swiss"]
[EventRounds "9"]
[EventCountry "RUS"]
[SourceTitle "CBM 116 Extra"]
[Source "ChessBase"]
[SourceDate "2007.03.07"]
[SourceVersion "1"]
[SourceVersionDate "2007.03.07"]
[SourceQuality "1"]

1. e4 c5 2. Nf3 Nc6 3. d4 cxd4 4. Nxd4 Nf6 5. Nc3 e5 6. Ndb5 d6 7. Bg5 a6 8. Na3 b5 9. Bxf6 gxf6 10. Nd5 f5 11. Bd3 Be6 12. 0-0 Bxd5 13. exd5 Ne7 14. Re1 Bg7 15. Rb1 0-0 16. c4 e4 17. Bf1 Ng6 18. cxb5 axb5 19. Bxb5 Qg5 20. Qc1 Qxc1 21. Rexc1 Bxb2 22. Rxb2 Rxa3 23. Rcc2 Ne5 24. Be2 Rfa8 25. Kf1 R8a5 26. Rd2 Kg7 27. Ke1 f4 28. Bb5 f3 29. g3 f5 30. Kd1 Kf6 31. Kc1 Ng4 32. h3 e3 33. fxe3 Rxb5 34. hxg4 Rxb2 0-1

[Event "Moscow op 03rd"]
[Site "Moscow"]
[Date "2007.01.30"]
[Round "4"]
[White "Viliavin, Roman"]
[Black "Kalashnikov, Konstantin"]
[Result "0-1"]
[WhiteElo "2263"]
[BlackElo "2384"]
[PlyCount "54"]
[EventDate "2007.01.27"]
[EventType "swiss"]
[EventRounds "9"]
[EventCountry "RUS"]
[SourceTitle "CBM 116 Extra"]
[Source "ChessBase"]
[SourceDate "2007.03.07"]
[SourceVersion "1"]
[SourceVersionDate "2007.03.07"]
[SourceQuality "1"]

1. e4 c5 2. Nf3 g6 3. c3 Nf6 4. e5 Nd5 5. Bc4 Nb6 6. Bb3 Bg7 7. 0-0 0-0 8. d4 cxd4 9. cxd4 d6 10. Bf4 Nc6 11. Nbd2 dxe5 12. dxe5 Nd4 13. Ne4 Nxb3 14. Qxb3 Be6 15. Qa3 Nc4 16. Qb4 a5 17. Qb5 Qd5 18. Nc3 Qxb5 19. Nxb5 Rfc8 20. b3 Nb2 21. Bg3 a4 22. Nfd4 Bd7 23. Rab1 Nd3 24. e6 fxe6 25. Rfd1 axb3 26. axb3 e5 27. Rxd3 exd4 0-1

[Event "Moscow op 03rd"]
[Site "Moscow"]
[Date "2007.01.28"]
[Round "2"]
[White "Kharitonov, Alexandr"]
[Black "Kalashnikov, Konstantin"]
[Result "1/2-1/2"]
[WhiteElo "2503"]
[BlackElo "2384"]
[PlyCount "93"]
[EventDate "2007.01.27"]
[EventType "swiss"]
[EventRounds "9"]
[EventCountry "RUS"]
[SourceTitle "CBM 116 Extra"]
[Source "ChessBase"]
[SourceDate "2007.03.07"]
[SourceVersion "1"]
[SourceVersionDate "2007.03.07"]
[SourceQuality "1"]

1. d4 Nf6 2. c4 g6 3. g3 Bg7 4. Bg2 0-0 5. Nc3 d6 6. Nf3 Nbd7 7. 0-0 e5 8. e4 exd4 9. Nxd4 Nc5 10. h3 Re8 11. Re1 a5 12. Ndb5 Bd7 13. Bf4 h6 14. Qc2 Ne6 15. Be3 Ng5 16. g4 Bc6 17. f3 Re7 18. Rad1 Qe8 19. Nd4 Bd7 20. Qd2 Ne6 21. Nde2 Kh7 22. f4 Bc6 23. Ng3 Nf8 24. Nd5 Bxd5 25. cxd5 Qa4 26. Bd4 Rae8 27. a3 b6 28. Bc3 N8d7 29. e5 dxe5 30. g5 Ng8 31. f5 hxg5 32. fxg6+ fxg6 33. Ne4 Bh6 34. d6 cxd6 35. Qxd6 Qc4 36. Kh1 Rf7 37. Qxd7 Rxd7 38. Rxd7+ Re7 39. Nf6+ Kg7 40. Rxe5 Rxd7 41. Nxd7 Kh7 42. Nxb6 Qf4 43. Nd5 Qf2 44. Re1 Bg7 45. Rf1 Qa7 46. Bxg7 Kxg7 47. b4 1/2-1/2

[Event "Izmailov Memorial op 11th"]
[Site "Tomsk"]
[Date "2007.??.??"]
[Round "?"]
[White "Fakhretdinova, Margarita"]
[Black "Kalashnikov, Konstantin"]
[Result "0-1"]
[WhiteElo "2152"]
[BlackElo "2384"]
[PlyCount "97"]
[EventDate "2007.06.25"]
[EventType "swiss"]
[EventRounds "9"]
[EventCountry "RUS"]
[SourceTitle "EXT 2008"]
[Source "ChessBase"]
[SourceDate "2007.11.25"]
[SourceVersion "1"]
[SourceVersionDate "2007.11.25"]
[SourceQuality "1"]

1. e4 c5 2. b3 Nc6 3. Bb2 d6 4. Bb5 Bd7 5. Ne2 Nf6 6. Bxc6 Bxc6 7. d3 e5 8. Nd2 g6 9. 0-0 Bg7 10. f4 0-0 11. fxe5 Ng4 12. Nc4 b5 13. Nf4 bxc4 14. Qxg4 dxe5 15. Nd5 cxb3 16. axb3 Bxd5 17. exd5 Qxd5 18. Ra5 f5 19. Qa4 Rf7 20. Re1 Bf6 21. Qa1 Re7 22. Qa3 Rc7 23. Qa1 Re7 24. Qa3 Rc7 25. b4 Rac8 26. b5 Qd7 27. Qb3+ Kg7 28. Qc4 Re8 29. Ra6 Re7 30. Rxf6 Kxf6 31. Qh4+ Kg7 32. Rxe5 Kg8 33. Qc4+ Kf8 34. Kf2 Rxe5 35. Bxe5 Rc8 36. Qf4 Kg8 37. Bc3 Qe6 38. Qh6 Rc7 39. Qf4 Re7 40. Qf3 c4 41. h3 cxd3 42. Qxd3 Rd7 43. Bd4 Qd5 44. c3 Kf7 45. Qe2 Rb7 46. Qe3 Rxb5 47. Qe2 Ra5 48. Qf1 g5 49. Be3 0-1

[Event "Moscow Aeroflot op-B"]
[Site "Moscow"]
[Date "2004.02.23"]
[Round "7"]
[White "Kalashnikov, Konstantin"]
[Black "Maksimov, Oleg"]
[Result "0-1"]
[WhiteElo "2397"]
[BlackElo "2401"]
[PlyCount "66"]
[EventDate "2004.02.17"]
[EventType "swiss"]
[EventRounds "9"]
[EventCountry "RUS"]
[SourceTitle "EXT 2005"]
[Source "ChessBase"]
[SourceDate "2004.11.15"]
[SourceVersion "1"]
[SourceVersionDate "2004.11.15"]
[SourceQuality "1"]

1. b4 e5 2. Bb2 d6 3. c4 g6 4. Nf3 Bg7 5. e3 Ne7 6. d4 e4 7. Nfd2 f5 8. Nc3 c6 9. g3 Nd7 10. Qb3 0-0 11. a4 a5 12. bxa5 Rxa5 13. Be2 Nf6 14. h4 h6 15. Ba3 Ne8 16. Rb1 Ra8 17. Bd1 Kh7 18. Ne2 Nc7 19. Nf4 Rf6 20. g4 fxg4 21. Nxe4 Rxf4 22. exf4 Nf5 23. Ng3 Nxd4 24. Qe3 h5 25. Bb2 c5 26. Bxd4 Bxd4 27. Qe4 d5 28. cxd5 Nxd5 29. Bc2 Ra6 30. Qd3 Nxf4 31. Qd2 Re6+ 32. Kf1 Qf8 33. Rh2 b6 0-1

[Event "RUS-chT2"]
[Site "Novokuznetsk"]
[Date "2003.??.??"]
[Round "9"]
[White "Iskusnyh, Sergei"]
[Black "Kalashnikov, Konstantin"]
[Result "1-0"]
[WhiteElo "2496"]
[BlackElo "2415"]
[PlyCount "85"]
[EventDate "2003.??.??"]
[EventType "team"]
[EventRounds "9"]
[EventCountry "RUS"]
[SourceTitle "EXT 2005"]
[Source "ChessBase"]
[SourceDate "2004.11.15"]
[SourceVersion "1"]
[SourceVersionDate "2004.11.15"]
[SourceQuality "1"]

1. d4 Nf6 2. c4 d6 3. Nf3 g6 4. g3 Bg7 5. Bg2 0-0 6. 0-0 Nbd7 7. Nc3 e5 8. e4 exd4 9. Nxd4 Nc5 10. h3 Re8 11. Re1 a5 12. Ndb5 Bd7 13. Bf4 h6 14. Qc2 Ne6 15. Be3 Ng5 16. Bxg5 hxg5 17. Rad1 Qc8 18. Qd2 Re5 19. Kh2 g4 20. h4 Bc6 21. a4 Nd7 22. Qc2 Qd8 23. Kg1 Nc5 24. Nd5 Bxd5 25. cxd5 Qe7 26. Na3 Qd8 27. Nc4 Re8 28. e5 dxe5 29. h5 f5 30. Ne3 Bf8 31. hxg6 e4 32. Nxf5 Qg5 33. g7 Bd6 34. Bxe4 Re5 35. Nxd6 cxd6 36. Bh7+ Kxg7 37. Rxe5 Qxe5 38. Qg6+ Kh8 39. Qh6 Qg7 40. Qxd6 Kxh7 41. Qxc5 Qxb2 42. d6 Qe2 43. Qf5+ 1-0

[Event "RUS-chT2"]
[Site "Novokuznetsk"]
[Date "2003.??.??"]
[Round "8"]
[White "Kalashnikov, Konstantin"]
[Black "Kornienko, Sergey"]
[Result "1-0"]
[WhiteElo "2415"]
[BlackElo "2192"]
[PlyCount "59"]
[EventDate "2003.??.??"]
[EventType "team"]
[EventRounds "9"]
[EventCountry "RUS"]
[SourceTitle "EXT 2005"]
[Source "ChessBase"]
[SourceDate "2004.11.15"]
[SourceVersion "1"]
[SourceVersionDate "2004.11.15"]
[SourceQuality "1"]

1. b4 a5 2. b5 b6 3. Bb2 Bb7 4. Nf3 Nf6 5. e3 e6 6. Be2 Be7 7. 0-0 0-0 8. c4 d6 9. Qc2 Re8 10. Nc3 Bf8 11. d4 Nbd7 12. Rfd1 Qc8 13. Rac1 c5 14. bxc6 Bxc6 15. Qb1 Qb8 16. h3 e5 17. Ba3 Ra7 18. Nb5 Bxb5 19. cxb5 e4 20. Nd2 d5 21. Bxf8 Nxf8 22. Rc6 Ne6 23. Rdc1 Rae7 24. Qb2 Rc7 25. Rxc7 Nxc7 26. Nb1 Ne6 27. Nc3 Rc8 28. Na4 Nd7 29. Rc6 f5 30. Rxe6 1-0

[Event "RUS-ch54 sf Sibiria"]
[Site "Novosibirsk"]
[Date "2001.04.??"]
[Round "5"]
[White "Kalashnikov, Konstantin"]
[Black "Grachev, Jury"]
[Result "0-1"]
[WhiteElo "2399"]
[BlackElo "2352"]
[PlyCount "124"]
[EventDate "2001.04.19"]
[EventType "swiss"]
[EventRounds "9"]
[EventCountry "RUS"]
[SourceTitle "CBM 082 Extra"]
[Source "ChessBase"]
[SourceDate "2001.07.03"]
[SourceVersion "1"]
[SourceVersionDate "2001.07.03"]
[SourceQuality "1"]

1. e4 e5 2. Nf3 Nc6 3. Bc4 Be7 4. d4 exd4 5. Nxd4 d6 6. Nc3 Nf6 7. 0-0 0-0 8. h3 Bd7 9. f4 Re8 10. Nf3 h6 11. e5 dxe5 12. Ng5 hxg5 13. fxg5 Be6 14. Bxe6 Bc5+ 15. Kh1 Rxe6 16. gxf6 Rxf6 17. Ne4 Rxf1+ 18. Qxf1 Qd4 19. Ng5 Qf2 20. Bd2 Qxf1+ 21. Rxf1 Be7 22. Ne4 Rd8 23. g4 Nd4 24. c3 Ne6 25. Be3 Rd3 26. Re1 Bh4 27. Re2 Nf4 28. Bxf4 exf4 29. Kh2 f3 30. Rd2 Re3 31. Ng3 Bg5 32. Rd4 Bf6 33. Re4 Rd3 34. Nf1 Rd1 35. Kg1 Rb1 36. b3 Bxc3 37. Rf4 Rb2 38. Rxf3 Bd4+ 39. Kh1 Rxa2 40. Ng3 g6 41. Ne4 Re2 42. Ng5 f6 43. Rd3 c5 44. Nf3 Re3 45. Rxe3 Bxe3 46. Kg2 Kf7 47. Kf1 Ke6 48. Ke2 Bh6 49. Kd3 b5 50. Nh4 Bg5 51. Nf3 a5 52. h4 Bf4 53. Ke4 Bh6 54. Kd3 Kd5 55. h5 gxh5 56. gxh5 f5 57. Ne1 c4+ 58. bxc4+ bxc4+ 59. Kc3 Bg7+ 60. Kd2 Ke4 61. Ke2 a4 62. Nc2 f4 0-1

[Event "RUS-ch54 sf Sibiria"]
[Site "Novosibirsk"]
[Date "2001.??.??"]
[Round "4"]
[White "Yudin, Sergei"]
[Black "Kalashnikov, Konstantin"]
[Result "0-1"]
[WhiteElo "2217"]
[BlackElo "2399"]
[PlyCount "128"]
[EventDate "2001.04.19"]
[EventType "swiss"]
[EventRounds "9"]
[EventCountry "RUS"]
[SourceTitle "CBM 082 Extra"]
[Source "ChessBase"]
[SourceDate "2001.07.03"]
[SourceVersion "1"]
[SourceVersionDate "2001.07.03"]
[SourceQuality "1"]

1. e4 c5 2. c3 d5 3. exd5 Qxd5 4. d4 Nf6 5. Nf3 Bg4 6. Be2 e6 7. h3 Bh5 8. 0-0 Be7 9. Be3 cxd4 10. cxd4 Nc6 11. Nc3 Qd6 12. a3 0-0 13. Qb3 Rfd8 14. Rfd1 Rac8 15. Rac1 Nd5 16. Ne4 Qb8 17. Nc5 b6 18. Ne4 h6 19. Qa4 Na5 20. Ned2 Rc7 21. Nf1 Bd6 22. Rxc7 Bxc7 23. N1d2 Bd6 24. Rc1 Nf4 25. Ba6 f6 26. b4 Be8 27. Qd1 Nc6 28. Bc4 Nd5 29. Ne4 Nce7 30. Qd3 Bh5 31. Bd2 Bf4 32. g3 Bd6 33. Kg2 Bf7 34. Ba2 Rc8 35. Rxc8+ Nxc8 36. Bb1 Kf8 37. Ba2 Nce7 38. Qa6 Bc7 39. Qd3 Qb7 40. Kg1 Bg6 41. Bb1 Qc6 42. b5 Qd7 43. Qb3 Bb8 44. a4 Bf5 45. Kh2 g5 46. Bc1 Kg7 47. Kg2 Bg6 48. Ba3 Nf5 49. Nc3 Nxc3 50. Qxc3 Ne3+ 51. Qxe3 Bxb1 52. Qb3 Be4 53. Qb4 Qd8 54. Bb2 Qd6 55. Qc3 Qd5 56. Ba3 h5 57. g4 hxg4 58. hxg4 Bd6 59. Bxd6 Qxd6 60. Kf1 Bd5 61. Ne1 Qf4 62. f3 f5 63. gxf5 exf5 64. Qc8 Qxd4 0-1

[Event "RUS-chT 07th"]
[Site "Smolensk"]
[Date "2000.04.24"]
[Round "10"]
[White "Kalashnikov, Konstantin"]
[Black "Beshukov, Sergei"]
[Result "1-0"]
[WhiteElo "2403"]
[BlackElo "2460"]
[PlyCount "67"]
[EventDate "2000.04.15"]
[EventType "team-tourn"]
[EventRounds "11"]
[EventCountry "RUS"]
[SourceTitle "EXT 2020"]
[Source "ChessBase"]
[SourceDate "2019.10.17"]
[SourceVersion "1"]
[SourceVersionDate "2019.10.17"]
[SourceQuality "1"]
[WhiteTeam "Tomsk Politekhnik Yantar"]
[BlackTeam "Maykop Universitet"]
[WhiteTeamCountry "RUS"]
[BlackTeamCountry "RUS"]

1. e4 c5 2. Nf3 Nc6 3. d4 cxd4 4. Nxd4 e6 5. Nc3 a6 6. Bf4 d6 7. Nb3 Nf6 8. Qd2 Qc7 9. 0-0-0 Ne5 10. Bg5 b5 11. a3 Bb7 12. f3 h6 13. Bxf6 gxf6 14. f4 Nd7 15. Kb1 h5 16. f5 Ne5 17. Be2 Ke7 18. Rhf1 Rc8 19. Qf4 Bg7 20. Ka2 Qb6 21. Qg3 h4 22. Qh3 b4 23. axb4 Qxb4 24. fxe6 fxe6 25. Nd4 f5 26. exf5 Bf6 27. fxe6 Nc4 28. Nf5+ Ke8 29. Bxc4 Qxc4+ 30. Kb1 Be5 31. Rfe1 Qb4 32. Rxe5 dxe5 33. Rd7 Qf8 34. Nd6+ 1-0

[Event "RUS-chT 07th"]
[Site "Smolensk"]
[Date "2000.04.21"]
[Round "7"]
[White "Karavaev, Vladimir"]
[Black "Kalashnikov, Konstantin"]
[Result "0-1"]
[WhiteElo "2363"]
[BlackElo "2403"]
[PlyCount "96"]
[EventDate "2000.04.15"]
[EventType "team-tourn"]
[EventRounds "11"]
[EventCountry "RUS"]
[SourceTitle "EXT 2020"]
[Source "ChessBase"]
[SourceDate "2019.10.17"]
[SourceVersion "1"]
[SourceVersionDate "2019.10.17"]
[SourceQuality "1"]
[WhiteTeam "Saratov GShK"]
[BlackTeam "Tomsk Politekhnik Yantar"]
[WhiteTeamCountry "RUS"]
[BlackTeamCountry "RUS"]

1. e4 c5 2. c3 d5 3. exd5 Qxd5 4. d4 Nf6 5. Nf3 e6 6. Be2 Be7 7. 0-0 0-0 8. Ne5 cxd4 9. cxd4 Rd8 10. Be3 Qd6 11. Nc3 Bd7 12. Rc1 Bc6 13. a3 Nd5 14. Bd3 Nf6 15. Qc2 Nbd7 16. Nxc6 Qxc6 17. Qb1 a6 18. Rfd1 Qd6 19. Ne4 Qb8 20. g3 Nd5 21. Bg5 h6 22. Bd2 N7f6 23. Nc5 Qa7 24. b4 Rac8 25. Qb3 Nc7 26. Be3 Nfd5 27. Bb1 b6 28. Qc2 g6 29. Nd3 Nb5 30. Qxc8 Rxc8 31. Rxc8+ Kg7 32. Rdc1 Nxa3 33. Ba2 Nb5 34. Bxd5 exd5 35. Bf4 Qd7 36. Be5+ f6 37. Bf4 g5 38. Be3 Qf5 39. Nb2 Bxb4 40. Na4 h5 41. Rb8 h4 42. gxh4 gxh4 43. Kf1 h3 44. Rb7+ Kg6 45. Ke2 Qg4+ 46. f3 Nxd4+ 47. Bxd4 Qxd4 48. Rd1 Qc4+ 0-1

[Event "RUS-chT 07th"]
[Site "Smolensk"]
[Date "2000.04.20"]
[Round "6"]
[White "Kalashnikov, Konstantin"]
[Black "Meshkov, Yuri A"]
[Result "0-1"]
[WhiteElo "2403"]
[BlackElo "2373"]
[PlyCount "114"]
[EventDate "2000.04.15"]
[EventType "team-tourn"]
[EventRounds "11"]
[EventCountry "RUS"]
[SourceTitle "EXT 2020"]
[Source "ChessBase"]
[SourceDate "2019.10.17"]
[SourceVersion "1"]
[SourceVersionDate "2019.10.17"]
[SourceQuality "1"]
[WhiteTeam "Tomsk Politekhnik Yantar"]
[BlackTeam "Smolensk TsEM"]
[WhiteTeamCountry "RUS"]
[BlackTeamCountry "RUS"]

1. Nf3 g6 2. c4 Bg7 3. Nc3 c5 4. g3 Nc6 5. Bg2 e6 6. 0-0 Nge7 7. d3 d5 8. Bg5 h6 9. Bd2 0-0 10. Rb1 b6 11. a3 a5 12. Nb5 Ba6 13. h4 Na7 14. b4 axb4 15. axb4 Bxb5 16. cxb5 c4 17. dxc4 dxc4 18. Qc1 Nxb5 19. Bxh6 Nc3 20. Rb2 Na2 21. Rxa2 Rxa2 22. Bxg7 Kxg7 23. Qxc4 Ra3 24. Qc1 Ra7 25. e4 f6 26. e5 Nf5 27. Rd1 Rd7 28. exf6+ Rxf6 29. Re1 Nd4 30. Ng5 Ne2+ 31. Rxe2 Rd1+ 32. Re1 Rxc1 33. Rxc1 Qd2 34. Rc7+ Kg8 35. Rc8+ Rf8 36. Rxf8+ Kxf8 37. Nxe6+ Kg8 38. Nf4 Qxb4 39. Bf1 Kg7 40. Bd3 b5 41. Bxg6 Qe1+ 42. Kg2 b4 43. h5 b3 44. g4 b2 45. g5 Qb4 46. Kf3 b1Q 47. h6+ Kh8 48. Bxb1 Qxb1 49. Kg4 Qg1+ 50. Kf5 Kh7 51. f3 Qg3 52. Ne6 Qxf3+ 53. Nf4 Qg3 54. Ne6 Qh3+ 55. Ke5 Qf3 56. Nf4 Qg4 57. Ne6 Kg6 0-1

[Event "RUS-chT 07th"]
[Site "Smolensk"]
[Date "2000.04.19"]
[Round "5"]
[White "Kalashnikov, Konstantin"]
[Black "Ionov, Sergey"]
[Result "0-1"]
[WhiteElo "2403"]
[BlackElo "2558"]
[PlyCount "131"]
[EventDate "2000.04.15"]
[EventType "team-tourn"]
[EventRounds "11"]
[EventCountry "RUS"]
[SourceTitle "EXT 2020"]
[Source "ChessBase"]
[SourceDate "2019.10.17"]
[SourceVersion "1"]
[SourceVersionDate "2019.10.17"]
[SourceQuality "1"]
[WhiteTeam "Tomsk Politekhnik Yantar"]
[BlackTeam "Sankt Petersburg Chess Federation"]
[WhiteTeamCountry "RUS"]
[BlackTeamCountry "RUS"]

1. e4 c5 2. Nf3 d6 3. Nc3 Nc6 4. d4 cxd4 5. Nxd4 Nf6 6. Bg5 e6 7. Qd2 Qb6 8. Nb3 Be7 9. 0-0-0 0-0 10. f3 Rd8 11. Kb1 Qc7 12. f4 a6 13. Be2 b5 14. Bf3 Rb8 15. Qe1 b4 16. Ne2 Bb7 17. Ned4 Nxd4 18. Nxd4 Rbc8 19. Rd2 h6 20. h4 a5 21. e5 dxe5 22. Bxb7 Qxb7 23. Bxf6 Bxf6 24. fxe5 Be7 25. Nf3 a4 26. Qe3 Rxd2 27. Qxd2 b3 28. Rc1 Qe4 29. a3 Rd8 30. Qf2 Rd5 31. Ka1 Bc5 32. Qe1 Qxe1 33. Nxe1 Be3 34. Rb1 Rxe5 35. cxb3 axb3 36. Rd1 Rc5 37. Kb1 Kh7 38. g4 Rc4 39. Nf3 Rf4 40. Ne5 f6 41. Nc6 Rxg4 42. Na5 Rxh4 43. Nxb3 e5 44. Rd3 Bg1 45. Rd1 Bf2 46. Rf1 Ba7 47. Na5 h5 48. Nc6 Bb6 49. b4 Rc4 50. Ne7 Bd8 51. Nd5 Rd4 52. Nc3 g5 53. Kc2 Kg6 54. Ne2 Rd7 55. a4 f5 56. a5 f4 57. Kc3 g4 58. Kc4 h4 59. Kb5 f3 60. Nc3 g3 61. Rxf3 g2 62. Ne2 Rd2 63. Ng1 Rd1 64. Nh3 g1Q 65. Nxg1 Rxg1 66. Rf8 0-1